[Event "Stay Safe Play From Home 277"]
[Site "Emanuel Lasker Arena"]
[Date "2020.07.05"]
[Round "2"]
[White "Bardellosport"]
[Black "Popovic Milan"]
[Result "0-1"]
[WhiteElo "1930"]
[BlackElo "2611"]
[Annotator "TA"]
[PlyCount "62"]
[EventDate "2020.07.05"]
[EventType "swiss (blitz)"]

{[%evp 9,62,-40,-24,-39,-28,-68,-77,-81,-18,-67,-64,-74,-72,-81,-57,-49,-31,-35,-41,-122,-133,-199,-182,-232,-102,-95,-102,-129,-136,-179,-171,-171,-171,-223,-132,-158,-154,-260,-275,-372,-213,-237,-237,-287,-289,-327,-221,-630,577,-659,6,-1028,-1030,-12839,-12839]} 1. d4 Nf6 2. e3 g6 3. f4 Bg7 4. Nf3 O-O 5. Bc4 d6 {[#]} 6. Qe2 $146 {A45: Trompowsky Attack.} ({Predecessor:} 6. O-O Nbd7 7. Qe1 c5 8. c3 e6 9. Nbd2 b6 10. Qg3 Bb7 11. Ng5 Qe7 12. b3 h6 13. Ngf3 {0-1 (31) Skvortsov,A (2076)-Timerkhanov,A (2367) Kirov 2018}) 6... Nc6 7. e4 Bg4 8. c3 {Black is better.} d5 ({Black should try} 8... e5 $1 $17 {[%cal Re5d4] aiming for ...exd4.} 9. fxe5 dxe5) 9. Bd3 dxe4 10. Bxe4 Nxe4 11. Qxe4 Bf5 12. Qe2 Re8 {...e5! is the strong threat.} 13. O-O f6 $36 {[%mdl 2048] Black fights for an advantage.} 14. Nbd2 {[#]} (14. Rd1 $15) 14... e5 $1 $17 15. fxe5 (15. dxe5 $17 Bd3 16. Qd1) 15... fxe5 $19 16. dxe5 Nxe5 (16... Bd3 $19 {has better winning chances.} 17. Qd1 Bxf1 {[%mdl 64] Pin} 18. Qb3+ Kh8 19. Nxf1 Nxe5 20. Nxe5 Bxe5) 17. Nxe5 $17 Rxe5 18. Qf2 Qd3 19. Nf3 Re2 20. Qg3 Rae8 21. Bg5 Qc2 (21... Rxb2 $19 {White must now prevent ...Ree2.} 22. Qxc7 Ree2) 22. Rad1 Qxb2 23. h4 (23. Nd4 $17 {was the only chance.} Bxd4+ 24. cxd4) 23... Qxc3 $19 24. h5 gxh5 (24... h6 $142 25. Bf4 Qc5+ 26. Kh2 Bc2 27. hxg6 Bxd1 28. Rxd1 Qh5+ 29. Qh3 Qxg6) 25. Bh6 Bg6 26. Bxg7 Qxg7 ({Resist} 26... Kxg7 27. Kh1 $19) 27. Ng5 h4 28. Qxh4 $2 (28. Qg4) 28... Bc2 $4 {[%mdl 8192]} (28... Be4 $19 {avoids the disaster.} 29. Rf3 h6) 29. Rc1 $4 {[%mdl 8192]} (29. Qc4+ $18 Kh8 30. Nf7+ Kg8 31. Nh6+ {[%mdl 64] Discovered Attack (Double check)} Kh8 {[#]} 32. Qxe2 $1 {[%mdl 512]}) 29... h6 $2 ({Better is} 29... Be4 $19 30. Rf2 Rxf2 {[%mdl 64] Overworked Piece} 31. Qxf2 Qxg5) 30. Rxc2 $4 {[%mdl 8192]} (30. Qc4+ $11 Kh8 31. Rxc2 Rxc2 32. Nf7+ Kg8 33. Nxh6+ (33. Qxc2 Re7 $11) 33... Kh8 34. Qxc2 (34. Nf7+ Kg8 $11) 34... Qxh6 35. Qc3+ Kg8 36. Qg3+ Qg7 37. Qb3+ Kh8 38. Rf4 Re1+ 39. Kf2) 30... Rxc2 31. Rf7 Qxg5 {Accuracy: White = 24%, Black = 47%.} 0-1

[Event "Stay Safe Play From Home 277"]
[Site "Emanuel Lasker Arena"]
[Date "2020.07.05"]
[Round "2"]
[White "Haris kollari 13"]
[Black "Gavi"]
[Result "0-1"]
[WhiteElo "1810"]
[BlackElo "2115"]
[Annotator "NA"]
[PlyCount "84"]
[EventDate "2020.07.05"]
[EventType "swiss (blitz)"]

1. e4 {[%emt 0:00:01]} Nf6 {[%emt 0:00:02]} 2. e5 {[%emt 0:00:01]} Nd5 {[%emt 0:00:01]} 3. c4 {[%emt 0:00:00]} Nb6 {[%emt 0:00:00]} 4. d4 {[%emt 0:00:01]} d6 {[%emt 0:00:00]} 5. f4 {[%emt 0:00:00]} dxe5 {[%emt 0:00:01]} 6. fxe5 {[%emt 0:00:00]} Nc6 {[%emt 0:00:02]} 7. Nf3 {[%emt 0:00:01]} Bg4 {[%emt 0:00:01]} 8. Be3 {[%emt 0:00:02]} e6 {[%emt 0:00:01]} 9. Be2 {[%emt 0:00:02]} Be7 {[%emt 0:00:01]} 10. Nc3 {[%emt 0:00:01]} O-O {[%emt 0:00:02]} 11. O-O {[%emt 0:00:01]} Bxf3 {[%emt 0:00:01]} 12. Rxf3 {[%emt 0:00:02]} f5 {[%emt 0:00:01]} 13. Bf2 {[%emt 0:00:06]} f4 {[%emt 0:00:02]} 14. Qd2 {[%emt 0:00:02]} g5 {[%emt 0:00:01]} 15. h3 {[%emt 0:00:01]} Qd7 {[%emt 0:00:01]} 16. Rd3 {[%emt 0:00:01]} Rad8 {[%emt 0:00:02]} 17. Rd1 {[%emt 0:00:01]} h6 {[%emt 0:00:01]} 18. a3 {[%emt 0:00:01]} Na5 {[%emt 0:00:02]} 19. Rf3 {[%emt 0:00:06]} Naxc4 {[%emt 0:00:01]} 20. Bxc4 {[%emt 0:00:02]} Nxc4 {[%emt 0:00:00]} 21. Qd3 {[%emt 0:00:01]} Nb6 {[%emt 0:00:02]} 22. Qg6+ {[%emt 0:00:01]} Kh8 {[%emt 0:00:02]} 23. Qxh6+ {[%emt 0:00:00]} Kg8 {[%emt 0:00:01]} 24. Qg6+ {[%emt 0:00:00]} Kh8 {[%emt 0:00:01]} 25. Ne4 {[%emt 0:00:02]} Qe8 {[%emt 0:00:02]} 26. Qh6+ {[%emt 0:00:02]} Kg8 {[%emt 0:00:01]} 27. Nxg5 {[%emt 0:00:01]} Bxg5 {[%emt 0:00:01]} 28. Qxg5+ {[%emt 0:00:01]} Kh8 {[%emt 0:00:01]} 29. Rxf4 {[%emt 0:00:01]} Rxf4 {[%emt 0:00:01]} 30. Qxf4 {[%emt 0:00:01]} Qf8 {[%emt 0:00:00]} 31. Qh4+ {[%emt 0:00:02]} Kg8 {[%emt 0:00:01]} 32. Be3 {[%emt 0:00:00]} Re8 {[%emt 0:00:01]} 33. Rf1 {[%emt 0:00:02]} Qg7 {[%emt 0:00:00]} 34. Qe1 {[%emt 0:00:03]} Rf8 {[%emt 0:00:01]} 35. Rxf8+ {[%emt 0:00:02]} Qxf8 {[%emt 0:00:00]} 36. Qe2 {[%emt 0:00:01]} Qg7 {[%emt 0:00:01]} 37. Qg4 {[%emt 0:00:01]} Nd5 {[%emt 0:00:01]} 38. Qxg7+ {[%emt 0:00:02]} Kxg7 {[%emt 0:00:00]} 39. Bd2 {[%emt 0:00:01]} Nb6 {[%emt 0:00:02]} 40. Kf2 {[%emt 0:00:00]} Nc4 {[%emt 0:00:00]} 41. Bc3 {[%emt 0:00:03]} c6 {[%emt 0:00:00]} 42. Kg3 {[%emt 0:00:01]} Nb6 {[%emt 0:00:00] . Time (Lag: Av=0.54s, max=1.1s)} 0-1

[Event "Stay Safe Play From Home 277"]
[Site "Emanuel Lasker Arena"]
[Date "2020.07.05"]
[Round "3"]
[White "Broken sword"]
[Black "Rogan"]
[Result "1-0"]
[WhiteElo "2499"]
[BlackElo "2199"]
[PlyCount "51"]
[EventDate "2020.07.05"]
[EventType "swiss (blitz)"]

1. d4 {[%emt 0:00:01]} d5 {[%emt 0:00:00]} 2. c4 {[%emt 0:00:01]} c6 {[%emt 0:00:00]} 3. Nc3 {[%emt 0:00:00]} Nf6 {[%emt 0:00:01]} 4. Nf3 {[%emt 0:00:00]} Bg4 {[%emt 0:00:01]} 5. cxd5 {[%emt 0:00:00]} cxd5 {[%emt 0:00:01]} 6. Qb3 {[%emt 0:00:01]} Qb6 {[%emt 0:00:01]} 7. Qxb6 {[%emt 0:00:01]} axb6 {[%emt 0:00:01]} 8. Ne5 {[%emt 0:00:00]} Be6 {[%emt 0:00:01]} 9. Bg5 {[%emt 0:00:01]} Nbd7 {[%emt 0:00:01]} 10. e3 {[%emt 0:00:01]} Nxe5 {[%emt 0:00:01]} 11. dxe5 {[%emt 0:00:00]} Ne4 {[%emt 0:00:02]} 12. Nxe4 {[%emt 0:00:02]} dxe4 {[%emt 0:00:00]} 13. Bb5+ {[%emt 0:00:01]} Kd8 {[%emt 0:00:01]} 14. O-O-O+ {[%emt 0:00:01]} Kc7 {[%emt 0:00:01]} 15. a3 {[%emt 0:00:01]} f6 {[%emt 0:00:01]} 16. Bf4 {[%emt 0:00:02]} f5 {[%emt 0:00:03]} 17. h4 {[%emt 0:00:01]} g6 {[%emt 0:00:01]} 18. Kb1 {[%emt 0:00:01]} Rc8 {[%emt 0:00:04]} 19. Rc1+ {[%emt 0:00:01]} Kb8 {[%emt 0:00:01]} 20. Rxc8+ {[%emt 0:00:01]} Bxc8 {[%emt 0:00:00]} 21. e6+ {[%emt 0:00:02]} Ka7 {[%emt 0:00:02]} 22. Bd7 {[%emt 0:00:00]} Bxd7 {[%emt 0:00:02]} 23. exd7 {[%emt 0:00:00]} Bg7 {[%emt 0:00:00]} 24. Rd1 {[%emt 0:00:01]} Rd8 {[%emt 0:00:01]} 25. Bc7 {[%emt 0:00:01]} Rxd7 {[%emt 0:00:01]} 26. Rxd7 {[%emt 0:00:01] Rogan resigns (Lag: Av=0.22s, max=0.5s)} 1-0

[Event "Stay Safe Play From Home 277"]
[Site "Emanuel Lasker Arena"]
[Date "2020.07.05"]
[Round "3"]
[White "Lnram"]
[Black "Popovic Milan"]
[Result "1-0"]
[WhiteElo "2407"]
[BlackElo "2611"]
[Annotator "TA"]
[PlyCount "45"]
[EventDate "2020.07.05"]
[EventType "swiss (blitz)"]

{[%evp 9,45,14,11,11,51,41,79,87,124,147,144,76,87,67,87,89,147,151,128,147,177,170,406,385,707,689,697,670,720,716,704,679,710,681,1037,963,1510,1369]} 1. g3 e5 2. Bg2 Nc6 3. d3 Bc5 4. c4 a6 5. Nc3 d6 6. Nf3 {A00: Irregular Openings.} h5 {6...Nf6 is the modern continuation.} 7. O-O h4 {[#]} 8. Nxh4 $146 {White is better.} ({Predecessor:} 8. e3 hxg3 9. fxg3 Bg4 10. Qe2 Nf6 11. Qf2 Qd7 12. Ng5 O-O-O 13. Nd5 Nxd5 14. Bxd5 {0-1 (41) Stevanovic,J (1555)-Mickovic,S (2110) Niska Banja 2017}) 8... Rxh4 9. gxh4 Qxh4 {[#]} 10. Ne4 (10. Nd5 $142 $1 {[%cal Rd5c7]} Kd8 11. Be3) 10... Ba7 11. Bg5 Qh5 12. Bf3 Bg4 ({Black should try} 12... Qh7) 13. Bxg4 $16 Qxg4+ 14. Kh1 f6 15. Be3 Nd4 $2 {[#]} (15... Qd7 {might work better.} 16. Bxa7 Nxa7) 16. Rg1 Qh5 $2 (16... Qd7 17. Bxd4 exd4) 17. Rxg7 {White is clearly winning.} O-O-O 18. Bxd4 Bxd4 19. e3 Qxd1+ 20. Rxd1 Bxb2 21. Rdg1 f5 22. Rxg8 fxe4 23. dxe4 {Accuracy: White = 90%, Black = 22%.} 1-0

[Event "Stay Safe Play From Home 277"]
[Site "Emanuel Lasker Arena"]
[Date "2020.07.05"]
[Round "3"]
[White "Indianquant"]
[Black "BrainThinker22"]
[Result "0-1"]
[WhiteElo "2316"]
[BlackElo "2390"]
[Annotator "NA"]
[PlyCount "80"]
[EventDate "2020.07.05"]
[EventType "swiss (blitz)"]

1. Nf3 {[%emt 0:00:01]} d5 {[%emt 0:00:01]} 2. d4 {[%emt 0:00:01]} e6 {[%emt 0:00:00]} 3. c4 {[%emt 0:00:00]} c5 {[%emt 0:00:00]} 4. cxd5 {[%emt 0:00:01]} exd5 {[%emt 0:00:00]} 5. g3 {[%emt 0:00:00]} Nc6 {[%emt 0:00:00]} 6. Bg2 {[%emt 0:00:00]} Nf6 {[%emt 0:00:00]} 7. O-O {[%emt 0:00:00]} Be7 {[%emt 0:00:00]} 8. Nc3 {[%emt 0:00:00]} h6 {[%emt 0:00:00]} 9. Bf4 {[%emt 0:00:01]} O-O {[%emt 0:00:01]} 10. Rc1 {[%emt 0:00:01]} c4 {[%emt 0:00:01]} 11. Ne5 {[%emt 0:00:01]} Be6 {[%emt 0:00:01]} 12. b3 {[%emt 0:00:02]} cxb3 {[%emt 0:00:07]} 13. Qxb3 {[%emt 0:00:00]} Qb6 {[%emt 0:00:00]} 14. Nxc6 {[%emt 0:00:05]} bxc6 {[%emt 0:00:01]} 15. Rfd1 {[%emt 0:00:04]} Qxb3 {[%emt 0:00:07]} 16. axb3 {[%emt 0:00:00]} Rfc8 {[%emt 0:00:01]} 17. Na4 {[%emt 0:00:00]} Ba3 {[%emt 0:00:01]} 18. Rc2 {[%emt 0:00:01]} Bf5 {[%emt 0:00:01]} 19. Ra2 {[%emt 0:00:01]} Be7 {[%emt 0:00:00]} 20. h3 {[%emt 0:00:01]} Nd7 {[%emt 0:00:02]} 21. g4 {[%emt 0:00:01]} Be6 {[%emt 0:00:00]} 22. Rc1 {[%emt 0:00:01]} Nb6 {[%emt 0:00:01]} 23. Nc5 {[%emt 0:00:01]} Bxc5 {[%emt 0:00:01]} 24. Rxc5 {[%emt 0:00:00]} Nd7 {[%emt 0:00:00]} 25. Rca5 {[%emt 0:00:02]} c5 {[%emt 0:00:03]} 26. dxc5 {[%emt 0:00:02]} Nxc5 {[%emt 0:00:00]} 27. b4 {[%emt 0:00:04]} Ne4 {[%emt 0:00:00]} 28. Rxa7 {[%emt 0:00:02]} Rxa7 {[%emt 0:00:02]} 29. Rxa7 {[%emt 0:00:00]} Nc3 {[%emt 0:00:00]} 30. Rc7 {[%emt 0:00:02]} Nxe2+ {[%emt 0:00:04]} 31. Kh2 {[%emt 0:00:01]} Nxf4 {[%emt 0:00:00]} 32. Rxc8+ {[%emt 0:00:01]} Bxc8 {[%emt 0:00:00]} 33. Bf3 {[%emt 0:00:01]} Bb7 {[%emt 0:00:01]} 34. Kg3 {[%emt 0:00:00]} g5 {[%emt 0:00:00]} 35. b5 {[%emt 0:00:00]} Kf8 {[%emt 0:00:00]} 36. h4 {[%emt 0:00:00]} Ke7 {[%emt 0:00:00]} 37. hxg5 {[%emt 0:00:00]} hxg5 {[%emt 0:00:00]} 38. Bd1 {[%emt 0:00:01]} Kd6 {[%emt 0:00:01]} 39. Bc2 {[%emt 0:00:00]} f6 {[%emt 0:00:01]} 40. Bg6 {[%emt 0:00:00]} Nxg6 {[%emt 0:00:01] Indianquant resigns (Lag: Av=0.95s, max=1.6s)} 0-1

[Event "Stay Safe Play From Home 277"]
[Site "Emanuel Lasker Arena"]
[Date "2020.07.05"]
[Round "3"]
[White "Little champs"]
[Black "Lazieri3"]
[Result "1-0"]
[WhiteElo "2262"]
[BlackElo "2056"]
[PlyCount "97"]
[EventDate "2020.07.05"]
[EventType "swiss (blitz)"]

1. d4 {[%emt 0:00:01]} c6 {[%emt 0:00:00]} 2. e3 {[%emt 0:00:00]} d5 {[%emt 0:00:00]} 3. Nf3 {[%emt 0:00:00]} Nf6 {[%emt 0:00:00]} 4. c4 {[%emt 0:00:00]} Bf5 {[%emt 0:00:00]} 5. cxd5 {[%emt 0:00:00]} Nxd5 {[%emt 0:00:01]} 6. Nc3 {[%emt 0:00:00]} Nxc3 {[%emt 0:00:01]} 7. bxc3 {[%emt 0:00:01]} e6 {[%emt 0:00:00]} 8. Qb3 {[%emt 0:00:01]} Qb6 {[%emt 0:00:01]} 9. Be2 {[%emt 0:00:02]} Qxb3 {[%emt 0:00:01]} 10. axb3 {[%emt 0:00:01]} Nd7 {[%emt 0:00:00]} 11. b4 {[%emt 0:00:00]} Bd6 {[%emt 0:00:01]} 12. O-O {[%emt 0:00:00]} a6 {[%emt 0:00:00]} 13. Bd2 {[%emt 0:00:01]} Rd8 {[%emt 0:00:01]} 14. c4 {[%emt 0:00:01]} O-O {[%emt 0:00:02]} 15. c5 {[%emt 0:00:00]} Bc7 {[%emt 0:00:01]} 16. Nh4 {[%emt 0:00:01]} Bg6 {[%emt 0:00:04]} 17. Nxg6 {[%emt 0:00:00]} hxg6 {[%emt 0:00:00]} 18. f4 {[%emt 0:00:00]} g5 {[%emt 0:00:02]} 19. g3 {[%emt 0:00:01]} gxf4 {[%emt 0:00:01]} 20. gxf4 {[%emt 0:00:00]} f6 {[%emt 0:00:00]} 21. Bc4 {[%emt 0:00:02]} Rfe8 {[%emt 0:00:01]} 22. f5 {[%emt 0:00:01]} Nf8 {[%emt 0:00:02]} 23. Rf2 {[%emt 0:00:05]} Kh7 {[%emt 0:00:02]} 24. fxe6 {[%emt 0:00:01]} Nxe6 {[%emt 0:00:00]} 25. Rg2 {[%emt 0:00:00]} Ng5 {[%emt 0:00:01]} 26. Rf1 {[%emt 0:00:02]} Ne4 {[%emt 0:00:01]} 27. Bd3 {[%emt 0:00:01]} Kh8 {[%emt 0:00:02]} 28. Bc1 {[%emt 0:00:01]} Rd5 {[%emt 0:00:03]} 29. Rg4 {[%emt 0:00:02]} Rg5 {[%emt 0:00:07]} 30. Rxg5 {[%emt 0:00:01]} Nxg5 {[%emt 0:00:01]} 31. h4 {[%emt 0:00:01]} Ne4 {[%emt 0:00:01]} 32. h5 {[%emt 0:00:00]} Ng3 {[%emt 0:00:03]} 33. Rf3 {[%emt 0:00:02]} Kg8 {[%emt 0:00:02]} 34. h6 {[%emt 0:00:02]} gxh6 {[%emt 0:00:01]} 35. Rxf6 {[%emt 0:00:02]} Kg7 {[%emt 0:00:03]} 36. Rg6+ {[%emt 0:00:01]} Kf7 {[%emt 0:00:01]} 37. Kg2 {[%emt 0:00:01]} Ne4 {[%emt 0:00:02]} 38. Rxh6 {[%emt 0:00:02]} Rg8+ {[%emt 0:00:01]} 39. Kf3 {[%emt 0:00:03]} Nc3 {[%emt 0:00:01]} 40. Rh7+ {[%emt 0:00:01]} Ke6 {[%emt 0:00:01]} 41. Rxc7 {[%emt 0:00:01]} Rf8+ {[%emt 0:00:00]} 42. Kg2 {[%emt 0:00:02]} Rg8+ {[%emt 0:00:00]} 43. Kf2 {[%emt 0:00:01]} Nd5 {[%emt 0:00:00]} 44. Bc4 {[%emt 0:00:01]} Rf8+ {[%emt 0:00:02]} 45. Ke2 {[%emt 0:00:01]} Kf5 {[%emt 0:00:00]} 46. Bxd5 {[%emt 0:00:00]} cxd5 {[%emt 0:00:00]} 47. Rxb7 {[%emt 0:00:00]} Rh8 {[%emt 0:00:00]} 48. Rf7+ {[%emt 0:00:01]} Ke4 {[%emt 0:00:01]} 49. Rf4# {[%emt 0:00:01] (Lag: Av=1.00s, max=1.5s)} 1-0

[Event "Stay Safe Play From Home 277"]
[Site "Emanuel Lasker Arena"]
[Date "2020.07.05"]
[Round "3"]
[White "Gavi"]
[Black "SoulofWolf"]
[Result "0-1"]
[WhiteElo "2120"]
[BlackElo "2190"]
[PlyCount "64"]
[EventDate "2020.07.05"]
[EventType "swiss (blitz)"]

1. Nf3 {[%emt 0:00:02]} e6 {[%emt 0:00:00]} 2. d4 {[%emt 0:00:01]} d5 {[%emt 0:00:00]} 3. c4 {[%emt 0:00:00]} Nf6 {[%emt 0:00:00]} 4. cxd5 {[%emt 0:00:00]} exd5 {[%emt 0:00:01]} 5. Bg5 {[%emt 0:00:00]} h6 {[%emt 0:00:00]} 6. Bxf6 {[%emt 0:00:00]} Qxf6 {[%emt 0:00:00]} 7. Nc3 {[%emt 0:00:00]} c6 {[%emt 0:00:01]} 8. Qc2 {[%emt 0:00:01]} Bd6 {[%emt 0:00:00]} 9. Nxd5 {[%emt 0:00:01]} cxd5 {[%emt 0:00:01]} 10. Qxc8+ {[%emt 0:00:01]} Qd8 {[%emt 0:00:00]} 11. Qxd8+ {[%emt 0:00:01]} Kxd8 {[%emt 0:00:01]} 12. a3 {[%emt 0:00:02]} Nc6 {[%emt 0:00:00]} 13. e3 {[%emt 0:00:01]} f6 {[%emt 0:00:03]} 14. Bd3 {[%emt 0:00:00]} g5 {[%emt 0:00:01]} 15. O-O {[%emt 0:00:00]} g4 {[%emt 0:00:01]} 16. Nd2 {[%emt 0:00:01]} h5 {[%emt 0:00:01]} 17. Nb3 {[%emt 0:00:01]} b6 {[%emt 0:00:01]} 18. Rac1 {[%emt 0:00:01]} Kd7 {[%emt 0:00:00]} 19. Bb5 {[%emt 0:00:01]} Rac8 {[%emt 0:00:00]} 20. Rxc6 {[%emt 0:00:01]} Rxc6 {[%emt 0:00:00]} 21. Rc1 {[%emt 0:00:01]} Rhc8 {[%emt 0:00:01]} 22. Rxc6 {[%emt 0:00:03]} Rxc6 {[%emt 0:00:00]} 23. Bxc6+ {[%emt 0:00:01]} Kxc6 {[%emt 0:00:00]} 24. Kf1 {[%emt 0:00:00]} Kb5 {[%emt 0:00:00]} 25. Ke2 {[%emt 0:00:02]} Kc4 {[%emt 0:00:00]} 26. Nc1 {[%emt 0:00:01]} f5 {[%emt 0:00:03]} 27. Kd2 {[%emt 0:00:01]} Bxh2 {[%emt 0:00:01]} 28. g3 {[%emt 0:00:01]} Bg1 {[%emt 0:00:01]} 29. b3+ {[%emt 0:00:02]} Kb5 {[%emt 0:00:02]} 30. Ne2 {[%emt 0:00:02]} Bxf2 {[%emt 0:00:01]} 31. Nc3+ {[%emt 0:00:00]} Kc6 {[%emt 0:00:01]} 32. Ke2 {[%emt 0:00:01]} Bxg3 {[%emt 0:00:01]} 0-1

[Event "Stay Safe Play From Home 277"]
[Site "Emanuel Lasker Arena"]
[Date "2020.07.05"]
[Round "3"]
[White "NeatFox"]
[Black "The Next Contender"]
[Result "0-1"]
[WhiteElo "2001"]
[BlackElo "1989"]
[PlyCount "116"]
[EventDate "2020.07.05"]
[EventType "swiss (blitz)"]

1. g4 {[%emt 0:00:03]} d5 {[%emt 0:00:01]} 2. Bg2 {[%emt 0:00:00]} e5 {[%emt 0:00:01]} 3. c4 {[%emt 0:00:00]} dxc4 {[%emt 0:00:02]} 4. Qa4+ {[%emt 0:00:02]} c6 {[%emt 0:00:01]} 5. Qxc4 {[%emt 0:00:01]} Be6 {[%emt 0:00:00]} 6. Qc2 {[%emt 0:00:03]} Qd4 {[%emt 0:00:01]} 7. h3 {[%emt 0:00:02]} Nd7 {[%emt 0:00:02]} 8. Nf3 {[%emt 0:00:01]} Qb6 {[%emt 0:00:02]} 9. Nc3 {[%emt 0:00:03]} Bd6 {[%emt 0:00:02]} 10. d3 {[%emt 0:00:00]} Ne7 {[%emt 0:00:02]} 11. Be3 {[%emt 0:00:00]} Qc7 {[%emt 0:00:01]} 12. Nb5 {[%emt 0:00:02]} cxb5 {[%emt 0:00:01]} 13. Qxc7 {[%emt 0:00:01]} Bxc7 {[%emt 0:00:00]} 14. Rc1 {[%emt 0:00:01]} Ba5+ {[%emt 0:00:01]} 15. Bd2 {[%emt 0:00:01]} Bxd2+ {[%emt 0:00:01]} 16. Kxd2 {[%emt 0:00:00]} Bd5 {[%emt 0:00:01]} 17. Rhg1 {[%emt 0:00:02]} Nc6 {[%emt 0:00:01]} 18. h4 {[%emt 0:00:02]} O-O {[%emt 0:00:01]} 19. e4 {[%emt 0:00:00]} Bxa2 {[%emt 0:00:02]} 20. g5 {[%emt 0:00:03]} Be6 {[%emt 0:00:01]} 21. h5 {[%emt 0:00:01]} Nd4 {[%emt 0:00:01]} 22. Nh4 {[%emt 0:00:02]} Rfc8 {[%emt 0:00:02]} 23. Rcd1 {[%emt 0:00:02]} Nb3+ {[%emt 0:00:01]} 24. Ke3 {[%emt 0:00:01]} Nd4 {[%emt 0:00:01]} 25. Rd2 {[%emt 0:00:01]} Bb3 {[%emt 0:00:00]} 26. g6 {[%emt 0:00:02]} fxg6 {[%emt 0:00:02]} 27. hxg6 {[%emt 0:00:00]} h6 {[%emt 0:00:00]} 28. Nf5 {[%emt 0:00:01]} Nxf5+ {[%emt 0:00:01]} 29. exf5 {[%emt 0:00:00]} Nf6 {[%emt 0:00:00]} 30. f4 {[%emt 0:00:02]} Bd5 {[%emt 0:00:00]} 31. fxe5 {[%emt 0:00:02]} Re8 {[%emt 0:00:05]} 32. e6 {[%emt 0:00:01]} Bxg2 {[%emt 0:00:00]} 33. Rgxg2 {[%emt 0:00:01]} Nd5+ {[%emt 0:00:01]} 34. Ke4 {[%emt 0:00:02]} Rad8 {[%emt 0:00:01]} 35. Ke5 {[%emt 0:00:01]} Nf6 {[%emt 0:00:00]} 36. d4 {[%emt 0:00:01]} Rd5+ {[%emt 0:00:01]} 37. Kf4 {[%emt 0:00:01]} Nh5+ {[%emt 0:00:02]} 38. Kf3 {[%emt 0:00:03]} Rxf5+ {[%emt 0:00:01]} 39. Kg4 {[%emt 0:00:01]} Rg5+ {[%emt 0:00:01]} 40. Kh4 {[%emt 0:00:01]} Rxg2 {[%emt 0:00:01]} 41. Rxg2 {[%emt 0:00:01]} Rxe6 {[%emt 0:00:01]} 42. d5 {[%emt 0:00:01]} Re8 {[%emt 0:00:00]} 43. Rg4 {[%emt 0:00:01]} Nf6 {[%emt 0:00:01]} 44. Rd4 {[%emt 0:00:00]} Nd7 {[%emt 0:00:01]} 45. d6 {[%emt 0:00:00]} b6 {[%emt 0:00:00]} 46. Kg4 {[%emt 0:00:00]} Rd8 {[%emt 0:00:00]} 47. Kf5 {[%emt 0:00:00]} a6 {[%emt 0:00:00]} 48. Ke6 {[%emt 0:00:00]} Nc5+ {[%emt 0:00:01]} 49. Ke7 {[%emt 0:00:00]} Rd7+ {[%emt 0:00:00]} 50. Ke8 {[%emt 0:00:01]} Rb7 {[%emt 0:00:01]} 51. Rd5 {[%emt 0:00:01]} Rb8+ {[%emt 0:00:01]} 52. Ke7 {[%emt 0:00:02]} Rb7+ {[%emt 0:00:00]} 53. d7 {[%emt 0:00:01]} Rxd7+ {[%emt 0:00:00]} 54. Rxd7 {[%emt 0:00:01]} Nxd7 {[%emt 0:00:00]} 55. Kxd7 {[%emt 0:00:00]} b4 {[%emt 0:00:01]} 56. Kc8 {[%emt 0:00:00]} a5 {[%emt 0:00:00]} 57. Kb7 {[%emt 0:00:00]} h5 {[%emt 0:00:00]} 58. b3 {[%emt 0:00:00]} h4 {[%emt 0:00:00]} 0-1

[Event "Stay Safe Play From Home 277"]
[Site "Emanuel Lasker Arena"]
[Date "2020.07.05"]
[Round "3"]
[White "Bardellosport"]
[Black "Haris kollari 13"]
[Result "1-0"]
[WhiteElo "1929"]
[BlackElo "1805"]
[Annotator "NA"]
[PlyCount "63"]
[EventDate "2020.07.05"]
[EventType "swiss (blitz)"]

1. e4 {[%emt 0:00:01]} e5 {[%emt 0:00:01]} 2. d3 {[%emt 0:00:00]} d6 {[%emt 0:00:01]} 3. Nd2 {[%emt 0:00:00]} c5 {[%emt 0:00:01]} 4. Ngf3 {[%emt 0:00:00]} Nc6 {[%emt 0:00:01]} 5. Be2 {[%emt 0:00:00]} b6 {[%emt 0:00:02]} 6. c3 {[%emt 0:00:00]} Bb7 {[%emt 0:00:01]} 7. Qc2 {[%emt 0:00:00]} Be7 {[%emt 0:00:01]} 8. O-O {[%emt 0:00:00]} f5 {[%emt 0:00:01]} 9. b3 {[%emt 0:00:00]} f4 {[%emt 0:00:02]} 10. Bb2 {[%emt 0:00:01]} g5 {[%emt 0:00:01]} 11. Ne1 {[%emt 0:00:01]} h5 {[%emt 0:00:03]} 12. f3 {[%emt 0:00:01]} Qd7 {[%emt 0:00:02]} 13. g3 {[%emt 0:00:01]} O-O-O {[%emt 0:00:01]} 14. Ng2 {[%emt 0:00:01]} Nf6 {[%emt 0:00:02]} 15. Nc4 {[%emt 0:00:01]} Rdf8 {[%emt 0:00:05]} 16. Rad1 {[%emt 0:00:01]} g4 {[%emt 0:00:03]} 17. fxg4 {[%emt 0:00:02]} hxg4 {[%emt 0:00:02]} 18. gxf4 {[%emt 0:00:01]} g3 {[%emt 0:00:03]} 19. hxg3 {[%emt 0:00:02]} Qh3 {[%emt 0:00:01]} 20. Kf2 {[%emt 0:00:02]} Ng4+ {[%emt 0:00:01]} 21. Bxg4+ {[%emt 0:00:01]} Qxg4 {[%emt 0:00:01]} 22. Rh1 {[%emt 0:00:02]} Rhg8 {[%emt 0:00:03]} 23. Qe2 {[%emt 0:00:05]} Qxg3+ {[%emt 0:00:01]} 24. Kg1 {[%emt 0:00:01]} Rxf4 {[%emt 0:00:03]} 25. Rh2 {[%emt 0:00:01]} Rfg4 {[%emt 0:00:02]} 26. Rf1 {[%emt 0:00:01]} Bg5 {[%emt 0:00:02]} 27. Rf3 {[%emt 0:00:01]} Be3+ {[%emt 0:00:05]} 28. Ncxe3 {[%emt 0:00:03]} Qxh2+ {[%emt 0:00:03]} 29. Kxh2 {[%emt 0:00:01]} Rh8+ {[%emt 0:00:01]} 30. Kg1 {[%emt 0:00:01]} Rg5 {[%emt 0:00:03]} 31. Kf2 {[%emt 0:00:02]} c4 {[%emt 0:00:01]} 32. d4 {[%emt 0:00:00] Time (Lag: Av=0.35s, max=1.0s)} 1-0

[Event "Stay Safe Play From Home 277"]
[Site "Emanuel Lasker Arena"]
[Date "2020.07.05"]
[Round "3"]
[White "Justwatch"]
[Black "Mepe_Nika"]
[Result "0-1"]
[WhiteElo "1723"]
[BlackElo "2295"]
[PlyCount "50"]
[EventDate "2020.07.05"]
[EventType "swiss (blitz)"]

1. e4 {[%emt 0:00:02]} e5 {[%emt 0:00:01]} 2. Bc4 {[%emt 0:00:01]} Nf6 {[%emt 0:00:01]} 3. Nc3 {[%emt 0:00:02]} Bc5 {[%emt 0:00:01]} 4. d3 {[%emt 0:00:00]} d6 {[%emt 0:00:01]} 5. Nf3 {[%emt 0:00:00]} a6 {[%emt 0:00:03]} 6. Bg5 {[%emt 0:00:00]} h6 {[%emt 0:00:02]} 7. Bh4 {[%emt 0:00:01]} g5 {[%emt 0:00:01]} 8. Nxg5 {[%emt 0:00:00]} hxg5 {[%emt 0:00:00]} 9. Bxg5 {[%emt 0:00:00]} Be6 {[%emt 0:00:02]} 10. a3 {[%emt 0:00:02]} Nbd7 {[%emt 0:00:01]} 11. Bxe6 {[%emt 0:00:02]} fxe6 {[%emt 0:00:01]} 12. Qf3 {[%emt 0:00:01]} Qe7 {[%emt 0:00:01]} 13. b4 {[%emt 0:00:02]} Bd4 {[%emt 0:00:01]} 14. Kd2 {[%emt 0:00:02]} O-O-O {[%emt 0:00:02]} 15. Rab1 {[%emt 0:00:02]} Bxc3+ {[%emt 0:00:02]} 16. Kxc3 {[%emt 0:00:01]} Nxe4+ {[%emt 0:00:01]} 17. dxe4 {[%emt 0:00:01]} Qxg5 {[%emt 0:00:00]} 18. Qd3 {[%emt 0:00:01]} d5 {[%emt 0:00:03]} 19. exd5 {[%emt 0:00:01]} Nb6 {[%emt 0:00:01]} 20. g3 {[%emt 0:00:04]} exd5 {[%emt 0:00:02]} 21. Kb2 {[%emt 0:00:03]} Nc4+ {[%emt 0:00:02]} 22. Ka2 {[%emt 0:00:01]} e4 {[%emt 0:00:01]} 23. Qd4 {[%emt 0:00:01]} Rhf8 {[%emt 0:00:02]} 24. Rb3 {[%emt 0:00:02]} Qd2 {[%emt 0:00:03]} 25. Rg1 {[%emt 0:00:04]} Qxd4 {[%emt 0:00:02] Justwatch terk eder (Lag: Av=0.47s, max=0.8s)} 0-1